Fundamentals of probability and statistics for engineering (Record no. 14742)
[ view plain ]
| 000 -LEADER | |
|---|---|
| fixed length control field | 00767nam a22002297a 4500 |
| 003 - CONTROL NUMBER IDENTIFIER | |
| control field | URS |
| 005 - DATE AND TIME OF LATEST TRANSACTION | |
| control field | 20221201131138.0 |
| 008 - FIXED-LENGTH DATA ELEMENTS--GENERAL INFORMATION | |
| fixed length control field | 171213b xxu||||| |||| 00| 0 eng d |
| 040 ## - CATALOGING SOURCE | |
| Transcribing agency | urs |
| 050 ## - LIBRARY OF CONGRESS CALL NUMBER | |
| Classification number | QA 273 F73 2004 |
| 100 ## - MAIN ENTRY--PERSONAL NAME | |
| 9 (RLIN) | 978 |
| Personal name | Frany, Marie-Wendy J., |
| Relator term | author. |
| 245 ## - TITLE STATEMENT | |
| Title | Fundamentals of probability and statistics for engineering |
| Statement of responsibility, etc. | Marie-Wendy J. Frany, Miriam S.P. Galvez, Emy L. Vasquez |
| 260 ## - PUBLICATION, DISTRIBUTION, ETC. | |
| Place of publication, distribution, etc. | Bulacan |
| Name of publisher, distributor, etc. | Trinitias Publishing, Inc. |
| Date of publication, distribution, etc. | 2004 |
| 336 ## - CONTENT TYPE | |
| Source | rdacontent |
| Content type term | text |
| Content type code | txt |
| 337 ## - MEDIA TYPE | |
| Source | rdamedia |
| Media type term | unmediated |
| Media type code | n |
| 338 ## - CARRIER TYPE | |
| Source | rdacarrier |
| Carrier type term | volume |
| Carrier type code | nc |
| 650 #0 - SUBJECT ADDED ENTRY--TOPICAL TERM | |
| 9 (RLIN) | 3077 |
| Topical term or geographic name entry element | Probabilities |
| 650 #0 - SUBJECT ADDED ENTRY--TOPICAL TERM | |
| 9 (RLIN) | 3078 |
| Topical term or geographic name entry element | Mathematical statistics |
| 700 ## - ADDED ENTRY--PERSONAL NAME | |
| Personal name | Galvez, Miriam P., |
| 9 (RLIN) | 979 |
| Relator term | author. |
| 700 ## - ADDED ENTRY--PERSONAL NAME | |
| Personal name | Vasquez, Emy L., |
| 9 (RLIN) | 980 |
| Relator term | author. |
| 942 ## - ADDED ENTRY ELEMENTS (KOHA) | |
| Source of classification or shelving scheme | Library of Congress Classification |
| Koha item type | Filipiniana |
| Withdrawn status | Source of classification or shelving scheme | Damaged status | Not for loan | Collection code | Home library | Current library | Shelving location | Date acquired | Total Checkouts | Full call number | Barcode | Date last seen | Price effective from | Koha item type |
|---|---|---|---|---|---|---|---|---|---|---|---|---|---|---|
| Library of Congress Classification | Non-fiction | Binangonan College Library | Binangonan College Library | Filipiniana Section | 06/07/2023 | QA 273 F73 2004 | URSBIN-1911 | 12/13/2017 | 12/13/2017 | Filipiniana | ||||
| Library of Congress Classification | Non-fiction | Binangonan College Library | Binangonan College Library | Filipiniana Section | 06/07/2023 | QA 273 F73 2004 | URSBIN-1912 | 12/13/2017 | 12/13/2017 | Filipiniana | ||||
| Library of Congress Classification | Non-fiction | Binangonan College Library | Binangonan College Library | Filipiniana Section | 06/07/2023 | QA 273 F73 2004 | URSBIN-1908 | 12/13/2017 | 12/13/2017 | Filipiniana | ||||
| Library of Congress Classification | Binangonan College Library | Binangonan College Library | Filipiniana Section | 06/07/2023 | QA 273 F73 2004 | URSBIN-1905 | 12/13/2017 | 12/13/2017 | Filipiniana | |||||
| Library of Congress Classification | Non-fiction | Binangonan College Library | Binangonan College Library | Filipiniana Section | 06/07/2023 | QA 273 F73 2004 | URSBIN-1910 | 12/13/2017 | 12/13/2017 | Filipiniana | ||||
| Library of Congress Classification | Non-fiction | Binangonan College Library | Binangonan College Library | Filipiniana Section | 06/07/2023 | QA 273 F73 2004 | URSBIN-1913 | 12/13/2017 | 12/13/2017 | Filipiniana | ||||
| Library of Congress Classification | Non-fiction | Binangonan College Library | Binangonan College Library | Filipiniana Section | 06/07/2023 | QA 273 F73 2004 | URSBIN-1909 | 12/13/2017 | 12/13/2017 | Filipiniana | ||||
| Library of Congress Classification | Non-fiction | Binangonan College Library | Binangonan College Library | Filipiniana Section | 06/07/2023 | QA 273 F73 2004 | URSBIN-1397 | 12/13/2017 | 12/13/2017 | Filipiniana | ||||
| Library of Congress Classification | Non-fiction | Binangonan College Library | Binangonan College Library | Filipiniana Section | 06/07/2023 | QA 273 F73 2004 | URSBIN-1400 | 12/13/2017 | 12/13/2017 | Filipiniana | ||||
| Library of Congress Classification | Non-fiction | Binangonan College Library | Binangonan College Library | Filipiniana Section | 06/07/2023 | QA 273 F73 2004 | URSBIN-1399 | 12/13/2017 | 12/13/2017 | Filipiniana | ||||
| Library of Congress Classification | Non-fiction | Binangonan College Library | Binangonan College Library | Filipiniana Section | 06/07/2023 | QA 273 F73 2004 | URSBIN-1398 | 12/13/2017 | 12/13/2017 | Filipiniana | ||||
| Library of Congress Classification | Non-fiction | Binangonan College Library | Binangonan College Library | Filipiniana Section | 06/07/2023 | QA 273 F73 2004 | URSBIN-1401 | 12/13/2017 | 12/13/2017 | Filipiniana |